000
00217nam a22000857a 4500
008
170228b xxu||||| |||| 00| 0 eng d
100
_9
2949
_a
Bhatt.C et al
245
_a
Cmmunicative English-5
260
_a
New Delhi
_b
FP
_c
2012
999
_c
6193
_d
6193